[Event "RSA-chT U18"]
[Site "Cape Town"]
[Date "2016.01.04"]
[Round "1.8"]
[White "Strydom, Stefan"]
[Black "Naicker, Siven"]
[Result "1-0"]
[WhiteElo "1368"]
[BlackElo "1183"]
[PlyCount "39"]
[EventDate "2016.01.04"]
[EventType "team-tourn"]
[EventRounds "7"]
[EventCountry "RSA"]
[SourceTitle "CBM 170 Extra"]
[Source "ChessBase"]
[SourceDate "2016.02.25"]
[SourceVersion "1"]
[SourceVersionDate "2016.02.25"]
[SourceQuality "1"]
[WhiteTeam "Nelson Mandela Bay"]
[BlackTeam "Ethekwini"]
[WhiteTeamCountry "RSA"]
[BlackTeamCountry "RSA"]

1. d4 d5 2. Nf3 Bf5 3. Bf4 e6 4. e3 a6 5. Nbd2 Nf6 6. Ne5 Bb4 7. c3 Bd6 8. Ndf3 Nbd7 9. Bd3 Ne4 10. 0-0 f6 11. Nxd7 Qxd7 12. Re1 Bxf4 13. exf4 0-0-0 14. Qc2 Qd6 15. g3 Bg4 16. Bxe4 dxe4 17. Qxe4 f5 18. Qe3 Qd5 19. Ng5 Rhe8 20. Qe5 1-0